La discographie de BTS - Statistiques

Statistiques générales
  • Ce quiz a été pris 227 fois
    56 depuis la dernière actualisation
  • Le résultat moyen est 113 sur 190
Statistiques - réponses
Réponse % Correct
Butter
100%
N.o
100%
Run
100%
Body To Body
95%
Like
95%
On
95%
Outro : House of Cards
95%
Run BTS
95%
We Are Bulletproof Pt. 2
95%
Boy In Luv
90%
Danger
90%
Dynamite
90%
Just One Day
90%
Mic Drop
90%
No More Dream
90%
Outro : Ego
90%
Pied Piper
90%
Swim
90%
War Of Hormone
90%
Aliens
86%
Boy With Luv
86%
Euphoria
86%
FYA
86%
Hooligan
86%
I Need U
86%
Into The Sun
86%
Permission To Dance
86%
Blood Sweat & Tears
81%
DNA
81%
Filter
81%
Interlude : Wings
81%
Jump
81%
Like Animals
81%
No.29
81%
Normal
81%
Serendipity
81%
Silver Spoon
81%
00:00 (Zero O'Clock)
76%
2.0
76%
Coffee
76%
Dope
76%
Fake Love
76%
Go Go
76%
Idol
76%
My Universe
76%
Not Today
76%
Save Me
76%
Singularity
76%
They Don't Know 'Bout Us
76%
Burning Up (Fire)
71%
Butterfly
71%
Dimple
71%
Epiphany
71%
Intro : 2 Cool 4 Skool
71%
Introduction : Youth
71%
Make It Right
71%
Merry Go Round
71%
My Time
71%
Please
71%
Spine Breaker
71%
Spring Day
71%
Stay
71%
Tomorrow
71%
We Are Bulletproof : The Eternal
71%
Yet To Come
71%
Attack On Bangtan
67%
Best Of Me
67%
Born Singer
67%
For You
67%
Interlude : Shadow
67%
Intro : Boy Meets Evil
67%
Intro : Persona
67%
Lie
67%
Magic Shop
67%
One More Night
67%
Outro
67%
Outro : Circle Room Cypher
67%
Outro: Crack
67%
Outro : Does That Make Sense ?
67%
Outro : Love Is Not Over
67%
Outro : Luv in Skool
67%
Outro : Propose
67%
Outro : The Journey
67%
So What
67%
Trivia : Seesaw
67%
Anpanman
62%
Bad Decisions
62%
Begin
62%
Black Swan
62%
Boyz With Fun
62%
Dis-ease
62%
Epilogue : Young Forever
62%
Intro : Skool Luv Affair
62%
Intro : The Most Beautiful Moment In Life
62%
Intro : What Am I To You
62%
Life Goes On
62%
Louder Than Bombs
62%
Mikrokosmos
62%
Moon
62%
Savage Love
62%
Stay Gold
62%
21st Century Girl
57%
2! 3!
57%
Awake
57%
For Youth
57%
Heartbeat
57%
Her
57%
Home
57%
Inner Child
57%
Intro
57%
Intro : Calling
57%
Intro : O!Rul8,2?
57%
Intro : Ringwanderung
57%
Paradise
57%
Stigma
57%
The Truth Untold
57%
Ugh !
57%
Airplane Pt.2
52%
Blue & Grey
52%
Crystal Snow
52%
Dionysus
52%
Friends
52%
Love Maze
52%
Telepathy
52%
Autumn Leaves
48%
Converse High
48%
Don’t Leave Me
48%
If I Ruled The World
48%
I'm Fine
48%
Let Me Know
48%
Lights
48%
Ma City
48%
Mama
48%
Rain
48%
Skit
48%
Skit : Billboard Music Awards Speech
48%
Skit : Circle Room Talk
48%
Skit : Expectation !
48%
Skit : One Night In A Strange City
48%
Skit : R U Happy Now?
48%
Skit : Soulmate
48%
Trivia : Just Dance
48%
We On
48%
134340
43%
Am I Wrong
43%
Film Out
43%
Fly To My Room
43%
Interlude
43%
Interlude : What Are You Doing Now
43%
Jamais Vu
43%
Lost
43%
Take Two
43%
Tear
43%
A Supplementary Story : You Never Walk Alone
38%
First Love
38%
Hold Me Tight
38%
Let Go
38%
Whalien 52
38%
Who
38%
24/7=Heaven
33%
Answer : Love Myself
33%
BTS Cypher Pt.1
33%
BTS Cypher Pt.4
33%
Dream Glow
33%
Hip Hop Phile
33%
Look Here
33%
Reflection
33%
Respect
33%
Your Eyes Tell
33%
A Brand New Day
29%
BTS Cypher Pt.2 : Triptych
29%
BTS Cypher Pt.3 : Killer
29%
Miss Right
29%
Paldogangsan
29%
The Stars
29%
All Night
24%
Embarrassed
24%
The Planet
24%
Wake Up
24%
Could You Turn Off Your Cell Phone
19%
line !
19%
line ! Pt.2 - Ano Bashode -
19%
Moving On
19%
Where You From
19%
Wishing On A Star
19%
Good Day
14%
Intro : Never Mind
14%
So 4 More
14%
Waste It On Me
14%
Come Back Home
5%
Aucun quiz correspondant
Distribution des résultats
% des personnes avec chaque résultat
Percentile par nombre de réponses
Votre historique - résultats
Vous n’avez pas pris ce quiz depuis la dernière actualisation